| 000 | 00972nas a2200325 4500 | ||
|---|---|---|---|
| 001 | BR0700067 | ||
| 003 | BR-BrBNA | ||
| 005 | 20231205110447.0 | ||
| 007 | ta | ||
| 008 | 230509b bl.|||p| |||| 00| 00por d | ||
| 040 |
_aBR-BrBNA _bpor _cBiblioteca Nacional de Agricultura |
||
| 041 | _a(Pt) | ||
| 072 | _aF02 | ||
| 100 | 1 | _aPio, R. | |
| 100 | 1 | _aRamos, J.D. | |
| 100 | 1 | _aChalfun, N.N.J. | |
| 100 | 1 | _aGontijo, T.C.A. | |
| 100 | 1 | _aMendonça, V. | |
| 100 | 1 | _aCarrijo, E.P. | |
| 100 | 1 | _aChagas, E.A. | |
| 245 | 1 | _aPropagação de estacas apicais de figueira: diferentes ambientes, ácido indolbutírico e tipo de estaca | |
| 650 | _aFIGO | ||
| 650 | _aPROPAGAÇÃO VEGETATIVA | ||
| 650 | _aESTACA | ||
| 650 | _aENRAIZAMENTO | ||
| 650 | _aÁCIDO INDOLBUTÍRICO | ||
| 773 | 0 |
_tCiência e Agrotecnologia (Brazil) _xISSN 1413-7054 _g(Sep-Oct 2006), v. 30(5) p. 1021-1026 _wBR0700067 |
|
| 909 |
_a202311 _bLúcia _c55 _dLúcia Elande |
||
| 942 |
_2AGRIS _n0 _cANA |
||
| 999 |
_c187484 _d187484 |
||